000 00837nam a2200217Ia 4500
003 GCL
008 140319s9999 xx 000 0 ara d
040 _aGCL /
_cGCL
082 0 4 _a001.5
_bج م
100 1 _aجاسم محمد جرجيس
245 1 0 _aمصادر المعلومات فى مجال الاعلام والاتصال الجماهيرى /
_cجاسم محمد جرجيس
700 1 _aبديع القاسم
260 _aالقاهرة :
_bمركز الاسكندرية للوسائط الثقافية والمكتبات ،
_c1998
300 _a366 ص ؛
_c24 سم
490 _aسلسلة المعلومات والحاسب الالكترونى
_v0
650 0 4 _aالمعلومات
650 0 4 _aالاعلام
650 0 4 _aوسائل الاعلام
650 0 4 _aالاتصال الجماهيرى
942 _2ddc
_cBK
999 _c52097
_d52097